Регионална библиотека "Любен Каравелов" - Русе

Кой какъв е в корупцията в България (Запис номер 81405)

MARC детайли
000 -Лидер
Контролно поле с фиксирана дължина 01740nam a2200361 c 4500
003 - Код на организацията, давaща контролен номер
Контролно поле BLK
005 - Дата и час на последна редакция
Контролно поле 20241015174032.0
008 - Елементи от данни с фиксирана дължина
fixed length control field 180408b bul|||||r ||||||| ||bul||
010 ## - Наследен системен номер
LC control number KNG00085909000
020 ## - Международен стандартен номер на книга ISBN
Международен стандартен номер на книга ISBN 978-954-91327-5-5
-- издат.: Лингея - на том(т. 2)
040 ## - Източник на каталожния запис
Идентификатор на билиотеката - собственик на записа BLK
041 ## - Код за език
Код за езика на текст/звукозапис или на отделно заглавие Български
Код за езика КДБФ Български
080 ## - УДК
Текстов определител УДК Корупция
УДК код - определител по УДК 328.185
УДК определител (497.2)
УДК - код + определител 328.185(497.2)
100 ## - Редна дума - Автор
Автор Кожухаров, Кънчо Иванов
Дати, свързани с автора 1950 -
Автор - информация (биография) Автор на проза. Журналист. Графичен дизайнер. Преводач от английски език.
R(LIN) 241647
139 ## - Редно поле
Редна дума Кожухаров, Кънчо Иванов
Авторски знак Кож - К 74
245 10 - Сведения за заглавието
Заглавие Кой какъв е в корупцията в България
Подзаглавни данни Т. 1 -
Редно поле (дума) Кънчо Иванов Кожухаров.
Том Т. 2
Заглавие на том Парламент, президент, премиер
257 ## - Страна на издаване
Страна на създаване/издаване България
260 ## - Област на издателските данни
-- Благоевград
Година на издаване 2007 -
300 ## - Физическа характеристика
Размери/Мащаб 24 см
380 ## - Жанр
Жанр Обществени науки
500 ## - Общи забележки
Забележка Кор. загл. Кой какъв е в българската корупция. - На загл. с. местоизд. София.
590 ## - Забележки на библиотеката, притежаваща документа (RLIN)
Служебно ф
650 #4 - Допълнително описание по предмет – тема
Основно описание – тема или топоним Корупция - България
9 (RLIN) 271870
651 #4 - Допълнително описание по предмет - топоним
Географско понятие България
9 (RLIN) 241624
653 ## - Ключова дума – ненормативна
Ключова дума корупция
760 1# - Описание на основната серия
-- - на том(т. 2)
Редна дума на основното описание Кожухаров, Кънчо Иванов
Място на издаване, издател и година Лингея, 2008
Страници - том 339 с. : с факс.
Забележка - том Съдържа и За автора.
Заглавие Т. 2 Парламент, президент, премиер
852 ## - Местоположение
Форматна сигнатура Цб 236697
856 4# - Електронен адрес и достъп
Електронен формат pdf - файл
Път до файла /url/
856 4# - Електронен адрес и достъп
Електронен формат pdf - файл
Път до файла /url/
942 ## - АРТИКУЛИ
Вид на библиотечния материал Книги
Скрит в OPAC Не
Koha issues (borrowed), all copies 4
944 ## - СЪЗДАВАНЕ И РЕДАКЦИЯ на ЗАПИСА
Създаване/Редакция Създаване
Дата на регистрацията/редакция 17.10.2008
Статус, дата на статуса Минев Младен
Служител, извършил регистрацията/редакцията 30530
944 ## - СЪЗДАВАНЕ И РЕДАКЦИЯ на ЗАПИСА
Създаване/Редакция Редакция
Дата на регистрацията/редакция 11.10.2016
Статус, дата на статуса ф /
Служител, извършил регистрацията/редакцията Виолета_Тройчева
999 ## - СИСТЕМНИ КОНТРОЛНИ НОМЕРА
Koha biblionumber 81405
Koha biblioitemnumber 81405
Наличности
Код за отписване Код за изгубен артикул Код за повреда Коз за рестрикции Код за отдаване Артикулен № Име на библиотеката - собственик Име на библиотеката, в която се намира в момента Статус (Текущо местоположение) Дата на вписване в системата Местоположение - отдел Цена в лева Инвентарен номер Систематично азбучна сигнатура Баркод Номер на екземпляра Цена в евро Служебна бележка Служебен тип на артикула
  Не е изгубен Не е повреден без рестрикции заемане за дома 132050 Регионална библиотека "Любен Каравелов" Русе Регионална библиотека "Любен Каравелов" Русе Заемна - подръчен фонд 2008-10-04 Заемна - подръчен фонд 12.00 120000730275 П 328/К 74 120000730275 1 6.14 Дост: Pk Вид: Ф N: 8545 Дата: 03.10.2008 Дата инв: 02.02.2018 Бележки инв: П2018 Книги
  Не е изгубен Не е повреден без рестрикции заемане за дома 132051 Регионална библиотека "Любен Каравелов" Русе Регионална библиотека "Любен Каравелов" Русе Заемна - подръчен фонд 2008-10-04 Заемна - подръчен фонд 12.00 120000730276 П 328/К 74 120000730276 2 6.14 Дост: Pk Вид: Ф N: 8545 Дата: 03.10.2008 Дата инв: 02.02.2018 Бележки инв: П2018 Книги
  Не е изгубен Не е повреден без рестрикции ползва се в читалня 132052 Регионална библиотека "Любен Каравелов" Русе Регионална библиотека "Любен Каравелов" Русе Хранилище 2009-03-12 Хранилище 12.00 120000734133 Цб 236697 120000734133 3 6.14 Дост: Dp Вид: Д N: 41 Дата: 24.09.2008 Книги
  Не е изгубен Не е повреден без рестрикции заемане за дома 132053 Регионална библиотека "Любен Каравелов" Русе Регионална библиотека "Любен Каравелов" Русе Заемна - подръчен фонд 2016-10-06 Заемна - подръчен фонд 12.00 120000804423 П 328/К 74 120000804423 4 6.14 Дост: DA Вид: А N: 35 Дата: 06.10.2016 Дата инв: 02.02.2018 Бележки инв: П2018 Книги
Vip Innovations Ltd, Rousse, Bulgaria 2025